| Tag |
First Indicator |
Second Indicator |
Subfields |
| LEADER |
00000cam a2200000Ia 4500 |
| 001 |
in00002206498 |
| 005 |
20151104092051.0 |
| 008 |
061023r20061984nyu 000 1 eng d |
| 020 |
|
|
|a 0373285388 (hardcover) :
|c $17.95
|
| 020 |
|
|
|a 9780373285389 (hardcover) :
|c $17.95
|
| 024 |
3 |
|
|a 9780373285389
|
| 035 |
|
|
|a (OCoLC)ocm74166661
|
| 040 |
|
|
|a GEC
|c GEC
|d BAKER
|d TXA
|d UtOrBLW
|
| 049 |
|
|
|a TXAM
|
| 090 |
|
|
|a PS3568.O243
|b F57 2006
|
| 092 |
|
|
|a FIC
|
| 100 |
1 |
|
|a Roberts, Nora.
|
| 245 |
1 |
0 |
|a First impressions /
|c Nora Roberts.
|
| 264 |
|
1 |
|a New York :
|b Silhouette Books,
|c [2006]
|
| 264 |
|
4 |
|c ©1984
|
| 300 |
|
|
|a 301 pages ;
|c 19 cm.
|
| 336 |
|
|
|a text
|b txt
|2 rdacontent
|
| 337 |
|
|
|a unmediated
|b n
|2 rdamedia
|
| 338 |
|
|
|a volume
|b nc
|2 rdacarrier
|
| 655 |
|
7 |
|a Love stories.
|2 gsafd
|
| 655 |
|
0 |
|a Christmas stories.
|
| 938 |
|
|
|a Baker & Taylor
|b BKTY
|c 17.95
|d 13.46
|i 0373285388
|n 0006847250
|s active
|
| 948 |
|
|
|a cataloged
|b h
|c 2006/12/4
|d c
|e ceaton
|f 2:58:42 pm
|
| 994 |
|
|
|a C0
|b TXA
|
| 999 |
|
|
|a MARS
|
| 999 |
f |
f |
|s c855c0e1-afa5-330b-a438-9c4b9daec646
|i c872c0c9-9e2b-398e-bef8-5430f9320ceb
|t 0
|
| 952 |
f |
f |
|p normal
|a Texas A&M University
|b College Station
|c Sterling C. Evans Library
|d Evans: Library Stacks
|t 0
|e PS3568.O243 F57 2006
|h Library of Congress classification
|i unmediated -- volume
|m A14834925700
|
| 998 |
f |
f |
|a PS3568.O243 F57 2006
|t 0
|l Evans: Library Stacks
|